Podnikateľské prostredie a jeho vplyv na regionálnu konkurencieschopnosť

Prehľad vybraných názorov na podnikateľské prostredie a konkurencieschopnosť.

Salvato in:
Dettagli Bibliografici
Autore principale: Lukáčová, Anna
Natura: Capitolo di libro
Lingua:slovacco
Soggetti:
Tags: Aggiungi Tag
Nessun Tag, puoi essere il primo ad aggiungerne!!

MARC

LEADER 00000naa$a2200000$$$4500
001 0084669
005 20240502071946.4
041 0 |a slo 
044 |a SK 
245 1 0 |a Podnikateľské prostredie a jeho vplyv na regionálnu konkurencieschopnosť  |c Anna Lukáčová 
520 |a Prehľad vybraných názorov na podnikateľské prostredie a konkurencieschopnosť. 
610 2 0 |a prostredie podnikateľské 
610 2 0 |a konkurencieschopnosť 
610 2 0 |a Slovensko 
610 2 0 |a regióny 
100 1 |a Lukáčová, Anna